Top 50 Boxing Films (IMDB) - Statistics

General Stats
  • This quiz has been taken 203 times
    40 since last reset
  • The average score is 7 of 56
Answer Stats
Film Year IMDB % Correct
Rocky 1976 8.1
95%
Rocky Balboa 2006 7.1
95%
Creed 2015 7.6
84%
Rocky II 1979 7.3
82%
Creed II 2018 7.1
71%
Raging Bull 1980 8.2
58%
Million Dollar Baby 2004 8.1
39%
Southpaw 2015 7.3
39%
The Fighter 2010 7.8
39%
Cinderella Man 2005 8.0
34%
The Hurricane 1999 7.6
18%
The Champ 1931 7.2
13%
Champion 1949 7.3
8%
Snatch 2000 8.2
8%
City Lights 1931 8.5
5%
Somebody Up There Likes Me 1956 7.5
5%
Body and Soul 1947 7.6
3%
Fat City 1972 7.2
3%
Real Steel 2011 7.1
3%
Rocco and His Brothers 1960 8.2
3%
The Power of One 1992 7.1
3%
100 Yen Love 2014 7.1
0%
99 River Street 1953 7.4
0%
Amma Nanna O Tamila Ammayi 2003 7.4
0%
Any Old Port! 1932 7.3
0%
Beautiful Boxer 2003 7.2
0%
Before the Fall 2004 7.4
0%
City for Conquest 1940 7.2
0%
Crying Fist 2005 7.2
0%
Fighting Spirit: Champion Road 2003 8.1
0%
Fighting Spirit: Mashiba vs. Kimura 2003 8.1
0%
Gentleman Jim 1942 7.5
0%
Guru 2017 7.6
0%
Hard Times 1975 7.2
0%
Here Comes Mr. Jordan 1941 7.5
0%
Irudhi Suttru 2016 7.6
0%
It's Always Fair Weather 1955 7.1
0%
Kid Galahad 1937 7.2
0%
Kids Return 1996 7.4
0%
M. Kumaran S/O Mahalakshmi 2004 7.2
0%
One Night in Miami... 2020 7.1
0%
Punch Drunks 1934 7.7
0%
Requiem for a Heavyweight 1962 7.8
0%
Sarpatta Parambarai 2021 8.5
0%
Shah 2015 8.2
0%
Thammudu 1999 7.9
0%
The Battle of the Century 1927 7.1
0%
The Brawler 2017 8.0
0%
The Hammer 2007 7.1
0%
The Happiest Day in the Life of Olli Maki 2016 7.2
0%
The Harder They Fall 1956 7.5
0%
The Quiet Man 1952 7.7
0%
The Set-Up 1949 7.8
0%
To Duck... or Not to Duck 1943 7.3
0%
Unbeatable 2013 7.2
0%
Your Eyes Tell 2020 7.4
0%
No matching quizzes found
Score Distribution
Percent of People with Each Score
Percentile by Number Answered
Your Score History
You have not taken this quiz since the last reset